|
|
|
|
| LEADER |
00000nas a22000007a 4500 |
| 001 |
ssj0002317 |
| 003 |
WaSeSS |
| 005 |
20200512172242.0 |
| 006 |
m d |
| 007 |
cr n |
| 008 |
950221c19959999mduwr p s 0 a0eng c |
| 010 |
|
|
|a sn 95004478
|
| 022 |
|
|
|l 1081-2474
|y 1081-2474
|
| 035 |
|
|
|a (WaSeSS)ssj0002317
|
| 037 |
|
|
|b Phillips Business Information, Inc., 1201 Seven Locks Rd., Potomac, Md. 20854-1110
|
| 040 |
|
|
|a NSD
|b eng
|c NSD
|d OCLCQ
|d WaSeSS
|
| 042 |
|
|
|a nsdp
|a pcc
|
| 082 |
1 |
0 |
|a 650
|2 12
|
| 210 |
0 |
|
|a Phillips Bus. Inf. Internet week
|
| 222 |
|
0 |
|a Phillips Business Information's Internet week
|
| 245 |
0 |
0 |
|a Phillips Business Information's Internet week
|h [electronic resource].
|
| 246 |
3 |
0 |
|a Internet week
|
| 260 |
|
|
|a Potomac, Md. :
|b Phillips Business Information, Inc.
|
| 310 |
|
|
|a Weekly
|
| 362 |
1 |
|
|a Began in Mar. 1995.
|
| 506 |
|
|
|a License restrictions may limit access.
|
| 588 |
|
|
|a Description based on: Vol. 1, no. 21 (Aug. 28, 1995); title from caption.
|
| 655 |
|
0 |
|a Electronic journals.
|
| 856 |
4 |
0 |
|z Full text available from Research Library: 10/09/1995 to 05/17/1998
|u https://search.proquest.com/publication/32121
|
| 856 |
4 |
0 |
|z Full text available from Research Library: 09/05/2000 to 08/06/2001
|u https://search.proquest.com/publication/32121
|